| 000 | 00892cam a22002413a 4500 | ||
|---|---|---|---|
| 001 | 18548 | ||
| 003 | PGUSA | ||
| 005 | 20140828083408.0 | ||
| 008 | 060610s2006||||xxu|||||s|||||000 | eng d | ||
| 040 |
_aPGUSA _beng |
||
| 042 | _adc | ||
| 050 | 4 | _aTA | |
| 100 | 1 |
_aJacobs, Charles M. _q(Charles Mattathias), _d1850-1919 |
|
| 245 | 1 | 0 |
_aTransactions of the American Society of Civil Engineers, vol. LXVIII, Sept. 1910 : _bThe New York Tunnel Extension of the Pennsylvania Railroad, The North River Division. Paper No. 1151 _h[electronic resource] / _cCharles M. Jacobs |
| 260 |
_bProject Gutenberg, _c2006 |
||
| 506 | _aPublic domain in the USA. | ||
| 516 | _aElectronic text | ||
| 653 | _aCivil engineering -- Periodicals | ||
| 653 | _aRailroad tunnels -- Design and construction | ||
| 830 | 0 |
_aProject Gutenberg _v18548 |
|
| 856 | 4 | 0 | _uhttp://www.gutenberg.org/ebooks/18548 |
| 942 | _cEB | ||
| 999 |
_c247803 _d247803 |
||